Wee sing: (Record no. 114216)
[ view plain ]
| 000 -LEADER | |
|---|---|
| fixed length control field | 00451nam a2200169 a 4500 |
| 005 - DATE AND TIME OF LATEST TRANSACTION | |
| control field | 20140414132052.0 |
| 008 - FIXED-LENGTH DATA ELEMENTS--GENERAL INFORMATION | |
| fixed length control field | 121024s19uu xx 00 eng d |
| 020 ## - INTERNATIONAL STANDARD BOOK NUMBER | |
| International Standard Book Number | 0843138920 |
| 050 ## - LIBRARY OF CONGRESS CALL NUMBER | |
| Classification number | M 245 |
| Item number | B366 1995 |
| 100 ## - MAIN ENTRY--PERSONAL NAME | |
| Personal name | Beall, Pamela Conn |
| 245 ## - TITLE STATEMENT | |
| Title | Wee sing: |
| Remainder of title | more bible songs. |
| 260 ## - PUBLICATION, DISTRIBUTION, ETC. (IMPRINT) | |
| Place of publication, distribution, etc | New York : |
| Name of publisher, distributor, etc | Price Stern Sloan, |
| Date of publication, distribution, etc | 1995. |
| 300 ## - PHYSICAL DESCRIPTION | |
| Extent | 68 |
| 650 ## - SUBJECT ADDED ENTRY--TOPICAL TERM | |
| Topical term or geographic name as entry element | Songs- |
| General subdivision | praises- |
| -- | biblical. |
| 700 ## - ADDED ENTRY--PERSONAL NAME | |
| Personal name | Susan Hagen Nipp |
| Withdrawn status | Lost status | Damaged status | Home library | Current library | Shelving location | Date acquired | Source of acquisition | Total Checkouts | Full call number | Barcode | Date last seen | Price effective from | Koha item type |
|---|---|---|---|---|---|---|---|---|---|---|---|---|---|
| Munich Library | Munich Library | Main Section | 10/24/2012 | M 245 B366 1995 | M5971 | 04/14/2014 | 04/14/2014 | Books |